Community index of satisfactoriness : Effect of education, income and sex
Saved in:
| Main Author: | |
|---|---|
| Format: | Book |
| Language: | English |
| Published: |
Athens :
Athens Technological Organization (ATO),
1968
|
| Series: | ACE publication series. Research report ;
; 4 |
| Subjects: | |
| Tags: |
Add Tag
No Tags, Be the first to tag this record!
|
MARC
| LEADER | 00000nam a2200000 i 4500 | ||
|---|---|---|---|
| 001 | 1/104501 | ||
| 008 | 950602s1968 eng d | ||
| 035 | |l 10013283 | ||
| 040 | |a GR-MY-UA |b gre |e aacr | ||
| 041 | 0 | |a eng | |
| 082 | 0 | |a 306.30949512 | |
| 100 | 1 | |a Βιριράκης, Γ. | |
| 245 | 1 | 0 | |a Community index of satisfactoriness : |b Effect of education, income and sex / |c J. Virirakis |
| 260 | |a Athens : |b Athens Technological Organization (ATO), |c 1968 | ||
| 300 | |a 86 p. |b Fig., maps, tables | ||
| 490 | 1 | |a ACE publication series. Research report |v ; 4 | |
| 651 | 0 | |a Athens (Greece) |x Social conditions. | |
| 830 | 0 | |a ACE publication series. Research report ; |v ; 4 | |
| 852 | |a INST |b LESVOS |e 19950602 |h 306.30949512 ΒΙΡ |p 005100000338 |q 005100000338 |t BK |y 0 | ||
| 909 | |a Λ |b 015741 | ||
| 922 | |a 1ΕΛΗ |b 1990 |c ΠΠ/9105 | ||
| 970 | |z 2000/06/ΟΙΚΟΝΟΜΟΠΟΥΛΟΥ ΧΡΙΣΤΙΝΑ | ||